| 000 | 00577nam a2200121Ia 4500 | ||
|---|---|---|---|
| 008 | 220620s9999||||xx |||||||||||||| ||und|| | ||
| 245 | 0 | _aAgroecological Transitions: From Theory to Practice in Local Participatory Design | |
| 546 | _aEnglish[eng] | ||
| 650 | _aLife sciences||Agriculture||Sustainable development||Soil science||Soil conservation||Environmental education||Environmental law||Environmental policy | ||
| 700 | _aBergez, Jacques-Eric||Audouin, Elise||Therond, Olivier | ||
| 856 | _uhttps://library.oapen.org/bitstream/20.500.12657/22912/1/1007249.pdf | ||
| 942 | _cEB | ||
| 999 |
_c29964 _d29964 |
||